Länder in denen Deutsch gesprochen wird - Statistiken

Allgemein
  • Dieses Quiz wurde 239 mal gespielt
  • Das Durchschnittsergebnis liegt bei 34 aus 44
Antwortstatistiken
Rang Anzahl der
Sprecher
Land % Korrekt
1 77.000.000 Deutschland
100%
2 7.570.000 Österreich
99%
3 5.000.000 Schweiz
99%
23 58.000 Polen
97%
20 78.000 Belgien
96%
6 1.100.000 USA
96%
31 20.000 Dänemark
95%
4 1.200.000 Frankreich
95%
7 597.212 Russland
95%
12 400.000 Niederlande
94%
9 474.000 Luxemburg
93%
25 50.000 Schweden
93%
28 41.200 Tschechien
93%
14 310.000 Italien
92%
10 438.000 Kanada
92%
29 35.365 Liechtenstein
92%
18 100.000 Spanien
92%
5 1.100.000 Brasilien
89%
36 5.200 Slowakei
85%
11 400.000 Argentinien
84%
39 3.000 Kroatien
84%
43 1.600 Slowenien
84%
21 77.500 Australien
82%
19 80.000 Mexiko
82%
24 50.000 Ungarn
82%
27 45.000 Rumänien
81%
26 45.000 Griechenland
79%
38 3.800 Ukraine
78%
22 77.000 Großbritannien
77%
37 5.000 Serbien
76%
17 100.000 Irland
74%
32 20.000 Chile
70%
42 2.000 Estland
70%
40 3.000 Lettland
70%
41 3.000 Litauen
70%
8 500.000 Südafrika
69%
35 20.000 Namibia
68%
13 358.000 Kasachstan
48%
16 166.000 Paraguay
46%
15 200.000 Israel
43%
30 25.000 Thailand
41%
34 20.000 Kirgistan
20%
44 100 Papua-Neuguinea
20%
33 20.000 Dominikanische Republik
14%
Keine übereinstimmenden Quizze gefunden
Verteilung der Resultate
Anzahl Personen mit jedem Resultat
Perzentil nach korrekt beantworteten Fragen
Ihre Resultats-Entwicklung
Sie haben dieses Quiz noch nicht gespielt